| 000 | 00444nam a2200181Ia 4500 | ||
|---|---|---|---|
| 001 | 20261 | ||
| 005 | 20260306172753.0 | ||
| 008 | 260306t2013||||xx |||||||||||||| ||spa|| | ||
| 041 | _aESP | ||
| 082 |
_a343.1 _bC75 |
||
| 100 |
_aColegio de Abogados de Arequipa _eAUT |
||
| 245 | 0 | _aIV Congreso Nacional de Derecho Procesal Constitucional | |
| 260 | _c2013 | ||
| 300 |
_a _c |
||
| 650 | _aGEN | ||
| 654 | _aCDE | ||
| 942 |
_cLIB _dJUS _fJUS _2ddc _n |
||
| 999 |
_c20261 _d20261 |
||